000 nam a22 a 4500
999 _c147650
_d147650
003 BLK
005 20230131131529.0
008 180410b bul|||||r ||||||| ||bul||
010 _aKNG00153867000
040 _aBLK
041 _aBUL
_cBUL
080 _aРуска литература
_b821.161.1
_x-93-32
_z821.161.1-93-32
100 1 _aЛиханов, Алберт Анатолиевич
_eпърви автор
_989207
139 _aЛиханов, Алберт Анатолиевич
_bЛ 70
245 1 0 _aИзмама
_bПовест
_cАлберт Анатолиевич Лиханов; прев. от рус. Емилия Гергова; худож. Михаил Асенов Руев.
257 _aSUN
260 _aСофия
_bНар. младеж
_c1975
300 _a184 с.
_bс ил.
_c20 см
380 _aDX
490 _aБиблиотека Аврора
_9205340
490 _aСъветски писатели за деца и юноши
_9205341
500 _aОриг. загл. Обман. - Кн. е ч. 3 от трилогията Семейные обстоятельства. - 30 125 тир.
653 _aдетска литература
653 _aлитература за деца
700 1 _aГергова, Емилия
_eпрев. от рус.
_9315060
700 1 _aРуев, Михаил Асенов
_eхудож.
_9379313
852 _aЦб 262779
856 4 _qpdf
_i0.53
_ldisable
856 4 _qpdf
_i0.53
_ldisable
942 _cKNG
_n0
_s1
944 _aCR
_c26.11.2013
_l26.11.2013 - от С1,Р / 26.11.2013
_kЦветелин_Руменов
944 _aED
_c18.09.2017
_l26.11.2013 - от С1,Р / 26.11.2013
_kСевдалина_Василева
999 _d147650